| 000 | 00511nam a2200181Ia 4500 | ||
|---|---|---|---|
| 005 | 20250423100915.0 | ||
| 008 | 250422s9999 xx 000 0 und d | ||
| 020 | _a1555630987 | ||
| 050 | _aTN 871.35 .S53/ | ||
| 100 | _aBassiouni, Zaki | ||
| 245 | 0 | _aShaly sand analysis : no. (55) | |
| 260 | _aTexas | ||
| 260 | _bSociety of petroleum engineers | ||
| 260 | _c2003 | ||
| 300 | _a237 p | ||
| 650 | _a Oil well logging. Oil-shales--Analysis. Oil sands--Analysis. Drill core analysis. | ||
| 942 | _cBK | ||
| 999 |
_c34703 _d34703 |
||